The impact of tourism on the balance of payments : a case study of Greece
Αποθηκεύτηκε σε:
| Κύριος συγγραφέας: | |
|---|---|
| Συγγραφή απο Οργανισμό/Αρχή: | |
| Μορφή: | Βιβλίο |
| Γλώσσα: | English |
| Δημοσίευση: |
Athens :
Centre of Planning and Economic Research,
1984
|
| Σειρά: | Studies ;
; 10 |
| Θέματα: | |
| Ετικέτες: |
Προσθήκη ετικέτας
Δεν υπάρχουν, Καταχωρήστε ετικέτα πρώτοι!
|
MARC
| LEADER | 00000nam a2200000 i 4500 | ||
|---|---|---|---|
| 001 | 1/36180 | ||
| 008 | 950602s1984 eng d | ||
| 035 | |a ΠΑΡ-1995 |b 07/25 |c ΖΑΧΑΡΑΤΟΣ |l 10024436 | ||
| 040 | |a GR-MY-UA |b gre |e aacr | ||
| 041 | 0 | |a eng | |
| 082 | 0 | |a 338.4791495 | |
| 100 | 1 | |a Singh, Brij Pal. | |
| 245 | 1 | 4 | |a The impact of tourism on the balance of payments : |b a case study of Greece / |c Brij Pal Singh ; Κέντρο Προγραμματισμού και Οικονομικών Επιστημών |
| 260 | |a Athens : |b Centre of Planning and Economic Research, |c 1984 | ||
| 300 | |a 192 σ. |b πίν. | ||
| 490 | 1 | |a Studies |v ; 10 | |
| 504 | |a Περιλαμβάνει βιβλιογραφία | ||
| 650 | 0 | 0 | |a Tourism |z Greece. |
| 710 | 2 | |a Κέντρο Προγραμματισμού και Οικονομικών Ερευνών. | |
| 830 | 0 | |a Studies ; |v ; 10 | |
| 852 | |a INST |b CHIOS |e 19960502 |h 338.4791495 SIN |p 005200005179 |q 005200005179 |t BK |y 0 | ||
| 852 | |a INST |b CHIOS |e 19990205 |h 338.4791495 SIN |p 005200014915 |q 005200014915 |t BK |y 0 | ||
| 852 | |a INST |b LESVOS |e 19950602 |h 338.4791 SIN |p 005100004194 |q 005100004194 |t BK |y 0 | ||
| 852 | |a INST |b LESVOS |e 19960725 |h 338.4791 SIN |p 005100009413 |q 005100009413 |t BK |y 0 | ||
| 852 | |a INST |b LESVOS |e 20000317 |h 338.4791 SIN |p 005100020748 |q 005100020748 |t BK |y 0 | ||
| 909 | |a Χ |b 042737 | ||
| 909 | |a X |b 055310 | ||
| 909 | |a Λ |b 015089 | ||
| 909 | |a Λ |b 033121 | ||
| 909 | |a Λ |b 042761 | ||
| 970 | |a ΣΚΟΥΡΤΟΣ |b ΜΙΧΑΛΗΣ |z 199912 | ||